[Event "HUN-GER m"]
[Site "Budapest"]
[Date "2004.09.16"]
[Round "1"]
[White "Horvath, Csaba"]
[Black "Dautov, Rustem"]
[Result "1/2-1/2"]
[WhiteElo "2546"]
[BlackElo "2624"]
[Annotator "Dautov,R"]
[PlyCount "56"]
[EventDate "2004.09.16"]
[EventType "team"]
[EventRounds "6"]
[EventCountry "HUN"]
[SourceTitle "CBM 104"]
[Source "ChessBase"]
[SourceDate "2005.01.27"]
[SourceVersion "1"]
[SourceVersionDate "2005.01.27"]
[SourceQuality "1"]
[WhiteTeam "Hungary"]
[BlackTeam "Germany"]
[WhiteTeamCountry "HUN"]
[BlackTeamCountry "GER"]

1. d4 Nf6 2. c4 c6 3. Nc3 d5 4. e3 a6 5. Nf3 b5 6. b3 Bg4 7. Be2 e6 8. O-O Nbd7
9. h3 Bh5 10. Bb2 Bd6 11. Ne5 Bxe2 12. Nxe2 bxc4 $5 {Ein seltener Zug. Mit der
Hauptvariante 12..Qc7 wurden in letzter Zeit Dutzende von Partien gespielt,
deswegen wollte ich etwas Neues ausprobieren.} (12... Qc7 13. cxd5 cxd5 14. Rc1
Qb8 15. Nxd7) 13. bxc4 O-O ({Sehr riskant für Schwarz ist} 13... Qb8 $6 14. Rb1
Nxe5 15. dxe5 Bxe5 16. Ba3 {mit starker Initiative für den geopferten Bauern,
z.B,} Qc7 17. cxd5 exd5 18. Qa4 Bh2+ 19. Kh1 Bd6 20. Rfc1 Bxa3 21. Rxc6 Qd7 22.
Nd4 $1 Bd6 $2 23. Rb7 $18 {Horvath,J-Gartner,G/Budapest 1997}) 14. Qc2 (14.
Nxc6 Qb6 15. c5 Qxc6 16. cxd6 Qxd6 $11) 14... Qc7 15. cxd5 $6 {Mit diesem Zug
verzichtet Horvath auf jeden Anspruch auf Eröffnungsvorteil und muß sich im
Endspiel um Remis mühen. Einen Minivorteil kann Weiß nur mit 15.Nd3 behaupten.}
(15. Nxd7 Qxd7 $11) (15. Nd3 $1) 15... cxd5 16. Qxc7 Bxc7 17. Rfc1 Rfc8 18. Nf4
$1 {Ein guter Zug. Weiß verbessert die Stellung seines passiven Springers e2.}
(18. Nc6 Bd6 $15 {/\Nb6}) 18... Nxe5 (18... Bd6 19. Nfd3 $11) 19. dxe5 Nd7 20.
Nd3 Bb6 {Konsequenter sieht 20...Nb6 aus, aber nach 21. Bd4 sah ich für
Schwarz keine Möglichkeit, Fortschritte zu machen.} (20... Ba5 21. Bd4 Rc4 22.
Nb2 $11) (20... Nb6 21. Bd4 Nc4 22. Kf1 Rab8 23. Ke2 Rb5 24. a4 $11) 21. Rxc8+
Rxc8 22. Rc1 Rxc1+ ({Riskant wäre} 22... Rc4 $6 23. Rxc4 (23. Kf1 $11) 23...
dxc4 24. Nb4 Ba5 25. Nc6 Bd2 26. Bd4 c3 27. Nb4 {, und der Freibauer c3 ist in
großer Gefahr.}) 23. Nxc1 (23. Bxc1 d4 24. e4 $1 Nc5 25. Nxc5 Bxc5 26. Kf1 d3
27. Ke1 $11) 23... Kf8 24. Kf1 Ke8 25. Ke2 Kd8 26. Bd4 Kc7 27. Kd3 Kc6 28. Kc3
{Der weiße König ist rechtzeitig zur Stelle, und das Unentschieden ist nicht
zu vermeiden.} Kb5 (28... Kb5 29. Kb3 Nc5+ (29... Bxd4 30. exd4 Nb6 31. Nd3 $11
) 30. Bxc5 Bxc5 31. a4+ Ka5 32. Nd3 $11) 1/2-1/2

[Event "EU-ch 6th"]
[Site "Warsaw"]
[Date "2005.06.25"]
[Round "7"]
[White "Prusikin, Michael"]
[Black "Dautov, Rustem"]
[Result "1/2-1/2"]
[WhiteElo "2540"]
[BlackElo "2609"]
[Annotator "Dautov,R"]
[PlyCount "30"]
[EventDate "2005.06.18"]
[EventType "swiss"]
[EventRounds "13"]
[EventCountry "POL"]
[SourceTitle "CBM 108"]
[Source "ChessBase"]
[SourceDate "2005.09.26"]
[SourceVersion "1"]
[SourceVersionDate "2005.09.26"]
[SourceQuality "1"]

1. d4 d5 2. c4 c6 3. e3 Nf6 4. Nc3 a6 5. Nf3 b5 6. c5 {Es ist für mich schwer
verständlich, warum dieser Zug in der letzten Zeit eine große Popularität
erlangt hat. Schwarz sollte nur nicht auf 6...Bg4?! verfallen, sowohl nach 6...
g6, als auch nach 6...Nbd7 kommt er früher oder später zu dem befreienden
Vorstoß e7-e5 und bekommt ein vollwertiges Spiel.} g6 7. Bd3 Bg7 8. b4 a5 $1
$146 {[%mdl 8] Eine wichtige Neuerung, derentwegen diese kurze Partie
überhaupt kommentiert wird.} ({Nach} 8... Bg4 9. Bb2 Nbd7 10. Ne2 $1 {hat Weiß
ein angenehmes Spiel, z.B.} Qc7 11. a4 O-O 12. Ra2 Ra7 13. h3 Bxf3 14. gxf3
Rfa8 15. f4 $14 {Aronian,L (2693)-Volkov,S (2634)/Sochi 2005}) 9. bxa5 Nfd7 $1
{Das ist die Idee von Schwarz, der zum zügigen Vorstoß e7-e5 kommt.} 10. Bd2 e5
11. Bc2 (11. Nxe5 $6 Nxe5 12. dxe5 Nd7 13. Ne2 Nxc5 14. Bc3 Qe7 $15) (11. Be2
e4 12. Ng1 Rxa5 $11) 11... O-O $5 {Ein Bauernopfer für Initiative. Stattdessen
könnte ich mit 11...Rxa5 einen bequemen Ausgleich erreichen.} (11... Rxa5 12.
O-O O-O 13. a4 bxa4 14. Nxa4 Ra8 $11) 12. Ne2 Re8 $1 (12... e4 13. Nfg1 Na6 14.
Nf4 $13) 13. Bb4 (13. O-O $2 exd4 14. exd4 Nxc5 15. dxc5 Bxa1 16. Qxa1 Rxe2 17.
Bh6 f6 $17) (13. a4 $6 bxa4 14. Bxa4 Ba6 15. dxe5 Nxe5 16. Nxe5 Bxe5 $15) 13...
Qe7 14. a3 Na6 15. Ra2 f5 {In dieser komplizierten Stellung blieben uns beiden
etwa 40 Minuten Restbedenkzeit bis zur Zeitkontrolle, und ich verspürte nicht
viel Lust, in eine Riesenzeitnot zu kommen. Deswegen bot ich Remis an, das von
Michael angenommen wurde. Schwarz hat eindeutig Kompensation für den
geopferten Bauern.} (15... f5 16. Bb3 e4 17. Nfg1 Nf6 18. h4 Ng4 $44) 1/2-1/2

[Event "EU-chT (Men) 14th"]
[Site "Plovdiv"]
[Date "2003.10.20"]
[Round "9.2"]
[White "Mamedyarov, Shakhriyar"]
[Black "Dautov, Rustem"]
[Result "1/2-1/2"]
[WhiteElo "2595"]
[BlackElo "2610"]
[Annotator "Dautov,R"]
[PlyCount "90"]
[EventDate "2003.10.10"]
[EventType "team-swiss"]
[EventRounds "9"]
[EventCountry "BUL"]
[SourceTitle "CBM 098"]
[Source "ChessBase"]
[SourceDate "2004.02.03"]
[SourceVersion "1"]
[SourceVersionDate "2004.02.03"]
[SourceQuality "1"]
[WhiteTeam "Azerbaijan"]
[BlackTeam "Germany"]
[WhiteTeamCountry "AZE"]
[BlackTeamCountry "GER"]

1. d4 d5 2. c4 c6 3. Nf3 Nf6 4. Nc3 a6 5. a4 e6 6. Bg5 Nbd7 7. e3 Qa5 8. Nd2
Bb4 9. Qc2 c5 {Die entstandene Stellung hatte ich bereits zweimal auf dem
Brett.} 10. Nb3 (10. Bh4 O-O 11. Be2 cxd4 12. exd4 dxc4 13. Nxc4 Qd5 14. O-O
Qxd4 15. Bg3 Qa7 16. a5 b5 17. axb6 Nxb6 18. Nb5 Qb7 19. Nc7 Ra7 20. Na5 Bxa5
21. Rxa5 $14 {Beliavsky,A-Dautov,R/Essen 2000}) (10. Nb3 Qc7 11. Bxf6 (11. dxc5
O-O $11) 11... Nxf6 12. dxc5 Bd7 13. cxd5 Nxd5 14. Bd3 Nxc3 15. bxc3 Bxc5 16.
Nxc5 Qxc5 17. O-O Bc6 $11 {Gonzalez Velez,F-Magem Badals,J/Torrevieja 1997}) (
10. Be2 cxd4 11. exd4 dxc4 12. Bxf6 Nxf6 13. Nxc4 Qc7 14. Qb3 Bd6 15. a5 (15.
Bf3 $11) 15... O-O 16. Qb6 $6 Rd8 $1 $36 17. Bf3 Rb8 18. O-O-O Nd5 19. Qxc7
Bxc7 $15 {Beliavsky,A-Piket,J/Madrid 1997}) 10... Qc7 11. dxc5 O-O $1 {Der
beste Zug, der Schwarz alle Optionen offen läßt.} (11... dxc4 12. Bxc4 Bxc5 13.
Be2 $14) (11... Ne4 $6 12. Bf4 Qc6 13. cxd5 exd5 14. Bd3 Ndxc5 15. Nxc5 Nxc5
16. O-O Nxd3 17. Qxd3 Bxc3 18. Rfc1 $16 {Gyimesi,Z-Rogozenko,D/Hamburg 2000})
12. Bd3 (12. Rc1 Bxc3+ 13. bxc3 dxc4 14. Bxc4 Qc6 15. O-O Qxa4 16. Bd3 h6 $11)
(12. Bxf6 Nxf6 13. cxd5 Nxd5 14. Bd3 h6 15. O-O Nxc3 16. bxc3 Bxc5 $11) 12...
dxc4 13. Bxc4 Bxc5 $11 {Schwarz hat ausgeglichen.Gegen den Shooting-Star
Mamedyarov, der in Plovdiv sehr erfolgreich spielte, bestand meine Aufgabe im
"Halten" des Brettes.} ({Eine gute Alternative war} 13... b6 $5 14. O-O Bb7 15.
a5 Bxc5 16. axb6 Bxb6 $11) 14. Bd3 {Mit diesem Zug lehnte der
Jugend-Weltmeister mein Remisangebot ab.} Bd6 $1 {Verhindert nicht nur die
gegnerische Rochade, sondern erschwert auch deren Vorbereitung mittels h3 oder
g3.} 15. Rc1 (15. h3 h6 16. Bxf6 {Der fade Läuferabtausch kann Weiß natürlich
nicht schmecken.} (16. Bh4 $2 g5 $17) 16... Nxf6 17. O-O Bd7 $11) (15. g3 $6 h6
16. Bxf6 Nxf6 $11) 15... b6 16. Qe2 $6 {Mehr befürchtete ich 16.Qd2, wonach
Schwarz seine Rochade-Verhinderungstaktik aufgeben müßte.} (16. Qd2 Qb8 (16...
Bb7 $2 17. Nb5 $16) 17. Ne4 (17. e4 $2 h6 18. Be3 Ng4 $15) 17... Be7 $1 (17...
Be5 $2 18. f4 Bb7 19. fxe5 Nxe4 20. Bxe4 Bxe4 21. Qxd7 Qxe5 22. Qd4 $18) (17...
Nxe4 $2 18. Bxe4 Ra7 19. Nd4 $1 Bb7 20. Bxb7 Qxb7 21. Nc6 $16) 18. Nd4 (18. Bf4
e5 19. Bg3 Bb7 20. Nxf6+ Nxf6 21. O-O $11) 18... Bb7 19. Nxf6+ Bxf6 20. Bxf6
Nxf6 21. O-O $11) 16... Qb8 17. Nd2 Bb7 18. Nf3 {Nach und nach geriet mein
junger Gegner in Schwierigkeiten: das Problem der Rochade blieb ungelöst,
während Schwarz seine Entwicklung vollendet hat.} (18. Nc4 Bc7 $1 (18... Bxg2
$5 19. Rg1 Bc6 20. Bh6 Ne8 21. Qh5 f5 $13)) 18... Ng4 ({Genauer war} 18... Rc8
$1 $15) 19. Bb1 ({Nach} 19. Be4 $1 Bxe4 20. Nxe4 Bb4+ 21. Ned2 $11 {könnte
Weiß endlich rochieren.}) 19... Rc8 $15 20. Rd1 Nf8 21. h3 (21. Nd4 Ne5 22. O-O
Neg6 $1 $15 {/\h6}) 21... Ne5 22. Nd2 $1 {Während der Partie dachte ich, dass
Weiß für zwei Bauern nicht genug Kompensation bekommt, habe mich dennoch
intuitiv gegen die Opferannahme entschieden. Zurecht, denn die Analyse zeigt,
dass Mamedyarovs Einschätzung richtig war, und der weiße Angriff zumindest für
Ausgleich ausreichend ist.} (22. e4 Nfg6 23. O-O Nf4 24. Bxf4 Nxf3+ 25. Qxf3
Bxf4 $15) 22... Neg6 $1 (22... Bxg2 $5 23. Rg1 Bxh3 24. f4 $1 (24. Bf6 $2 Nfg6
$17) (24. Nde4 $2 Bb4 $17) 24... Neg6 (24... Nc6 $2 25. Nde4 Bb4 26. Bf6 Ng6
27. Qh5 $16) 25. Qf3 Bf5 26. e4 h6 27. exf5 exf5 28. Bxh6 gxh6 29. Nd5 $44) 23.
h4 h6 24. h5 Ne7 25. Bh4 (25. Nc4 $5 Nd5 (25... hxg5 $2 26. Nxd6 $16) (25...
Rxc4 26. Bxe7 Rc6 27. Bxd6 Rxd6 $11) 26. Nxd6 Qxd6 27. Bxh6 (27. Bh4 Qb4 $17)
27... Nxc3 (27... gxh6 $2 28. e4) 28. bxc3 Qc5 $15) 25... Nf5 26. Bxf5 exf5 {
Letzten Endes bekam Schwarz das gewünschte Läuferpaar, Weiß kann dafür endlich
rochieren.} 27. O-O b5 $1 {Gegen die Drohung Nd2-c4 gerichtet.} (27... Ne6 28.
Qd3 f4 29. Nc4 $13) (27... Qc7 28. Qd3 Qc5 29. Nb3 $11) 28. Nf3 $1 Rc5 {
Diesmal wird Nc3-d5 verhindert. Laut Steinitz' Theorie sollte die Seite mit
dem Läuferpaar vor allem die gegnerischen Springer in ihrer Bewegung
einschränken.} (28... Ne6 29. axb5 axb5 30. Nd5 b4 31. Qd2 $11) (28... bxa4 29.
Nd4 $11) 29. Rd2 $1 {Stark gespielt! Dank dem Druck auf der d-Linie bekommt
Weiß Gegenspiel.} b4 30. Na2 Bd5 {Dieser Zug beruht auf einem
Berechnungsfehler, besser war 30...Rd5.} (30... Rc8 31. Rfd1 Bc5 32. Bg3 Qa7
33. Bd6 a5 34. Nd4 $11) (30... a5 31. Rfd1 Ra6 32. Nc1 $11) (30... Rd5 $1 31.
Rfd1 Rxd2 32. Qxd2 Bc5 33. Qc2 (33. Bg3 Qe8 34. Nxb4 Qxa4 $15) 33... Qc8 (33...
Bxf3 34. gxf3 b3 35. Qxc5 bxa2 36. Qa3 $11) 34. Rc1 (34. Rd8 Qc6 35. Rxa8 Bxa8
36. Qxf5 b3 37. Nc3 Bb4 $15) (34. Qc4 Qc6 35. b3 a5 $15) 34... Bd6 35. Qd2 Qd7
36. Rd1 Bxf3 37. gxf3 Qxa4 38. Qxd6 Qxa2 39. Qxb4 Rc8 $15) 31. Rfd1 Bxa2 32.
Rxd6 Bb3 {Während der Partie wähnte ich mich hier auf der Siegesstraße, aber
der nächste Zug rettet Weiß.} (32... Qb7 33. Nd4 Bc4 34. Qe1 Ne6 $11) 33. Rd8
$1 $11 (33. R1d4 $2 Rc1+ 34. Ne1 (34. Kh2 Ne6 35. Rd2 Bc4 $19) 34... Ne6 $19)
33... Rc8 (33... Bxd1 $2 34. Rxb8 Bxe2 35. Rxa8 $16) (33... Qc7 34. Rxa8 Bxd1
35. Qd2 Bxf3 (35... Rc1 $2 36. Ne1 Bxh5 37. Qxb4 $16) 36. gxf3 f4 $11) 34. R1d4
Qb6 35. Qd2 a5 36. R4d6 Rxd8 37. Rxd8 Rxd8 38. Qxd8 Qxd8 39. Bxd8 Bxa4 40. Bxa5
b3 41. Nd4 g6 42. hxg6 fxg6 43. Bb4 Nd7 44. Kf1 Ne5 45. Ke2 Nc6 1/2-1/2

[Event "Olympiad-34"]
[Site "Istanbul"]
[Date "2000.11.05"]
[Round "8.3"]
[White "Van der Sterren, Paul"]
[Black "Dautov, Rustem"]
[Result "0-1"]
[WhiteElo "2569"]
[BlackElo "2606"]
[Annotator "Dautov,R"]
[PlyCount "134"]
[EventDate "2000.10.28"]
[EventType "team-swiss"]
[EventRounds "14"]
[EventCountry "TUR"]
[SourceTitle "EXT 2001"]
[Source "ChessBase"]
[SourceDate "2000.11.22"]
[SourceVersion "1"]
[SourceVersionDate "2000.11.22"]
[SourceQuality "1"]
[WhiteTeam "Netherlands"]
[BlackTeam "Germany"]
[WhiteTeamCountry "NED"]
[BlackTeamCountry "GER"]

1. Nf3 Nf6 2. c4 c6 3. Nc3 d5 4. d4 a6 5. a4 e6 6. Bg5 Nbd7 7. e3 Qa5 {Schwarz
spielt die s.g. Cambridge Springs-Variante mit eingeschalteten Zügen a2-a4 und
a7-a6. Diese Einschaltung ist eher zu seinen Gunsten, sein schwarzfeldriger
Läufer fühlt sich sehr wohl auf dem schwachen Feld b4.} 8. Nd2 Bb4 9. Qc2 c5
10. Be2 (10. Nb3 Qc7 11. Bxf6 (11. dxc5 O-O $11) 11... Nxf6 12. dxc5 Bd7 13.
cxd5 Nxd5 14. Bd3 Nxc3 15. bxc3 Bxc5 16. Nxc5 Qxc5 17. O-O Bc6 $11 {Gonzalez
Velez,F-Magem Badals,J/Torrevieja 1997}) ({Etwas anspruchsvoller, aber auch
riskanter für Weiß ist} 10. Bh4 $5 O-O 11. Be2 cxd4 (11... Qb6 $5) 12. exd4
dxc4 13. Nxc4 Qd5 14. O-O Qxd4 15. Bg3 {, und Weiß bekam eine gute
Kompensation für den Bauern in meiner Partie gegen Beliavsky.} Qa7 $6 {Nicht
der beste Zug.} (15... Nd5 $5) (15... e5 $5) 16. a5 $1 b5 17. axb6 Nxb6 18. Nb5
Qb7 19. Nc7 Ra7 20. Na5 Bxa5 21. Rxa5 Nbd5 22. Rxa6 Nxc7 23. Rxa7 Qxa7 24. Qxc7
Qxc7 25. Bxc7 $14 {Beliavsky,A-Dautov,R/Essen Julian Borowski 2000}) 10... cxd4
11. exd4 dxc4 12. Bxf6 Nxf6 13. Nxc4 Qc7 $11 14. a5 $146 {Ein neuer Versuch,
der die Einschätzung der Stellung kaum ändern wird. Trotz der Schwäche auf b6
hat Schwarz mit seinen zwei Läufern keinerlei Schwierigkeiten.} (14. Qb3 Bd6
15. a5 (15. Bf3 $11) (15. Qb6 Qxb6 16. Nxb6 Rb8 $11) 15... O-O 16. Qb6 $6 Rd8
17. Bf3 Rb8 18. O-O-O Nd5 19. Qxc7 Bxc7 20. Rhe1 Nb4 21. Nb6 Bxb6 22. axb6 Rd6
23. d5 Rxb6 24. Bg4 Kf8 $15 {führte in Beliavsky,A-Piket,J/Madrid 1997 zu
einer Stellung, in der der Weiße um das Remis kämpfen mußte.}) 14... O-O 15.
O-O Bd7 16. Nb6 Rad8 17. Qb3 Bd6 18. g3 $2 {Ein Zug, der die Diagonale a8-h1
und vor allem das Feld f3 empfindlich schwächt. Obwohl Schwarz nach 18. h3 mit
eventuellem Bd6-f4 die weiße Kontrolle über die c-Linie streitig machen konnte,
wäre dieser Zug im jeden Fall vorzuziehen.} Bc6 19. Bc4 $1 {Nach ausführlichem
Nachdenken findet P. Van der Sterren den besten Zug. Weiß verstärkt die
Kontrolle über das Zentralfeld d5, um den Vorstoß d4-d5 zu ermöglichen und
zeigt damit, daß er nicht mehr als den Chancenausgleich im Sinn hat.} ({
Nach dem "normalen"} 19. Rfd1 {hätte ich u. a. eine gute Umgruppierung zur
Verfügung:} Qe7 $1 20. Rac1 ({oder} 20. Nc4 Bb8 21. Ne5 Bxe5 22. dxe5 Nd7 $15)
({aber besser ist immer noch} 20. Bc4 $1) 20... Bc7 {, und der lästige
Springer b6 wird verdrängt bzw. abgetauscht.}) 19... Rfe8 $1 {Ein guter
prophylaktischer Zug. Der Bd6 ist bereit zum Abzug nach f8, wonach der weiße
Isolani angegriffen wird.} (19... Qe7 {ist hier weniger überzeugend wegen} 20.
Rfe1 {mit der Idee d4-d5,}) ({aber} 19... Bf3 $5 20. Rac1 Bh5 {kam in Frage.})
20. Rfd1 $6 {Weiß provoziert regelrecht das folgende Manöver. Er merkt nicht,
daß sein Spiel auf den Vorstoß d4-d5 ohne den schwarzen Läufer auf c6 den
ganzen Sinn verliert. Der Nachziehende kann dann d4-d5 immer mit e6-e5
beantworten, wonach er eine exzellente Blockadestellung erreicht.} ({Die
Zentrumsöffnung durch} 20. d5 $6 {scheint etwas verfrüht, da Weiß keine der
Zentrumslinien kontrolliert. Z.B:} exd5 21. Nbxd5 (21. Ncxd5 Nxd5 22. Bxd5 Bc5
23. Bxc6 Qxc6 24. Rac1 $2 Bxf2+ 25. Kxf2 Rd2+ 26. Kg1 Qg2#) 21... Nxd5 22. Bxd5
(22. Nxd5 Qd7 $15) 22... Bc5 $15) ({Besser war die Vorbereitung von d4-d5 mit} 
20. Rfe1 $1 {, und wenn} Bf8 {, dann erst} 21. d5 exd5 22. Ncxd5 $1 (22. Rxe8
$6 dxc4 23. Rxf8+ Rxf8 24. Qxc4 Re8 $15) 22... Rxe1+ 23. Rxe1 Nxd5 24. Bxd5
Bxd5 25. Nxd5 Qxa5 26. Ne7+ Kh8 27. Re3 Qh5 28. Qxb7 $11 {, und das Spiel ist
ausgeglichen. Ich hätte aber 20...Bf3!, selbst ohne Tempogewinn, in Erwägung
gezogen.}) 20... Bf3 $1 21. Rd3 (21. Rd2 Bh5 {mit der Idee 22..Bc5.}) 21... Bh5
$15 {Nun ist der Vorteil von Schwarz augenscheinlich. Die weißen Figuren auf
dem Damenflügel hinterlassen einen unharmonischen Eindruck, und da d4-d5 keine
Drohung mehr darstellt, kann Schwarz in aller Ruhe seine Stellung weiter
verbessern.} 22. Re1 (22. d5 e5 23. Rd2 e4 $36) 22... Bf8 23. h3 h6 {Weiß hat
Probleme, einen klaren Plan zu entwickeln und versucht deswegen, passiv
auszuharren.} 24. Ree3 (24. Ne2 Bg6 $15) 24... Qd6 $1 {Der schwache Bauer a5
wird zu einer Zielscheibe. Es droht 25..Qb4.} 25. Re5 Qc7 {/\Rxd4.} 26. Ree3
Qd6 27. Re5 Bg6 28. Rd1 Qb4 29. Qxb4 Bxb4 30. Bf1 Nd7 $1 31. Nxd7 Rxd7 $17 {
Nun gerät auch der Isolani d4 unter verstärkten Beschuß. Die Materialeinbußen
sind für Weiß bereits kaum zu vermeiden.} 32. Bg2 $2 ({In der Zeitnotphase
findet Van der Sterren seine beste Chance nicht:} 32. d5 $1 {Um einen Bauern
zu gewinnen, muß Schwarz nun seinen Bb4 abtauschen, was dem Anziehenden
bessere Remischancen verspricht.} Bxc3 (32... Red8 33. Be2 $1 (33. dxe6 $2 Rxd1
34. Nxd1 Rxd1 35. e7 Bxe7 36. Rxe7 Bd3 $19) 33... f6 (33... Bxc3 34. bxc3 Rxd5
35. Rexd5 Rxd5 36. Rxd5 exd5 37. f4 $15) 34. Rxe6 Bxa5 35. Re3 Bf7 36. Bf3 $15)
33. bxc3 f6 34. Re3 exd5 35. Bg2 $1 Red8 $17 {, und Schwarz läßt ...Bf7 und ...
Rc7 folgen.}) 32... f6 $19 33. Re3 Bxa5 {Schwarz hat eine technisch gewonnene
Stellung erreicht.} 34. Na4 Bb4 35. Nb6 Rdd8 36. Bf3 Re7 37. h4 Kf8 38. h5 Bf7
39. Kg2 e5 $1 (39... Rc7 $19) 40. dxe5 Rxd1 41. Bxd1 Bc5 {Gewinnt die Qualität.
} 42. exf6 Rxe3 43. Nd7+ Ke8 44. Nxc5 (44. fxe3 Kxd7 $19) 44... Bd5+ 45. Kh3
Re1 46. Ba4+ b5 $2 {Technisch unsauber gespielt.} ({Viel leichter war die
Gewinnführung nach} 46... Kf7 $1 47. fxg7 Kxg7) 47. Bc2 gxf6 48. Nxa6 Ke7 49.
b4 Bc4 50. f3 Rh1+ 51. Kg4 Be6+ 52. Kf4 Rxh5 53. g4 Rh2 54. Bd3 Bc4 55. Be4 Ra2
56. Nc5 Rb2 (56... Ra4 $1 57. Nxa4 bxa4 58. Bb1 a3 59. b5 Kd6 60. b6 Kc6 {
gewann etwas schneller. Der weiße König darf nicht auf f5 wegen... Bd3+.}) 57.
Na6 Rb3 58. Bc2 Ra3 59. Nc5 Bd5 60. Bd3 Bc4 61. Be4 Ra4 $1 62. Kf5 Rxb4 63. Kg6
Rb2 64. Kxh6 b4 65. g5 Rh2+ 66. Kg6 Bf7+ 67. Kf5 fxg5 0-1